000 01019nam a2200313Ia 4500
005 20220317001500.0
008 161108s2005 s g 000 f s
020 _a8478889736
100 1 _aClarke, Susana
_d1959-
245 1 0 _aJonathan Strange y el señor Norrell
_cSusanna Clarke
250 _a2a. edición
300 _a795 páginas
_c22 cm
490 _aNarrativa
500 _aIncluye datos biográficos del autor en la solapa
534 _tJonathan Strange & Mr. Norrell
650 1 4 _2LEMB
_aNovela inglesa
_ySiglo XX
650 1 4 _2LEMB
_aLiteratura inglesa
_ySiglo XX
650 1 4 _2LEMB
_aFantasía en la literatura
650 1 4 _2LEMB
_aMagia en la literatura
700 1 _aRosenberg, Portia
_973931
700 1 _aDe la Fuente, Ana María
_973498
942 _2loc
_cBKLIT
264 _aBarcelona
_bSalamandra
_c2005
336 _atexto
_btxt
_2rdacontent
337 _asin mediación
_bn
_2rdamedia
338 _avolumen
_bnc
_2rdacarrier
040 _aCO-BoRNBP
_bspa
_erda
_cCO-BoRNBP
084 _aN CLA14
999 _c7108
_d7108